| 000 | 01535naa a2200241 i 4500 | ||
|---|---|---|---|
| 001 | 3690 | ||
| 003 | KOSZ 005 | ||
| 005 | 20180425093602.0 | ||
| 008 | 151114s2004 pl f |100 0 pol d | ||
| 040 |
_cBPK _dKOSZ 005/ac |
||
| 080 | _a621.3.037.37 | ||
| 100 | 1 |
_aMADEJ, Wiesław. _d1997 - . _bPolitechnika Koszalińska - Instytut Elektroniki, _cKatedra Systemów Cyfrowego Przetwarzania Sygnałów |
|
| 245 | 1 | 0 |
_aZastosowanie reprogramowalnych układów cyfrowych do sterowania ploterem / _cWiesław Madej, Marek Rubanowicz. |
| 500 | _aDane z autopsji. | ||
| 520 | _aW pracy przedstawiono przykład wykorzystania reprogramowalnych układów cyfrowych firmy Altera do sterowania 3-osiowym ploterem grawerującym. Praca stanowi część układu sterującego, który jest zbudowany z komputera z oryginalnym oprogramowaniem, interfejsu w postaci opisywanego układu oraz samego 3-osiowego plotera grawerującego, w którym elementami wykonawczymi są silniki krokowe. | ||
| 650 | 0 | _aUkłady cyfrowe. | |
| 650 | 0 | _aSterowanie. | |
| 655 | 0 | _aMateriały konferencyjne. | |
| 700 | 1 |
_aRUBANOWICZ, Marek. _d1996 - . _bPolitechnika Koszalińska - Wydział Elektroniki, _cKatedra Systemów Cyfrowego Przetwarzania Sygnałów |
|
| 711 | 2 | 2 |
_aKrajowa Konferencja Elektroniki _n(3 ; _d2004 ; _cKołobrzeg, Polska). _pKKE'2004 |
| 773 | 0 |
_iW : _tTrzecia Krajowa Konferencja Elektroniki : materiały konferencji. T. 1/2. - _dKoszalin : Wyd. Uczelniane Politechniki Koszalińskiej, 2004. - _gs. 381-386 |
|
| 942 |
_cROZ _2UKD |
||
| 999 |
_c3690 _d3690 |
||